00502nam a2200157Ia 450000500170000000800410001708200150005824500210007326000700009430000180016465000250018270000210020794200060022895200970023499900130033120250429090141.0240331s9999 xx 000 0 und d a291.5bKON 0aKonesar kalvettu aColombobDepartment of Hindu Religious and Cultural Affairsc1993 aXii, 136 p ., aReligious Literature aVadivel,P. eedt cL 001040708LaWERCLbWERCLcSSCd2024-03-31l0o 291.5 KONp1734r2024-03-31w2024-03-31yL c868d868